00990nam a22002535i 450000100060000000300090000600500170001500700030003200800410003502000180007604000220009408000380011610000260015424500940018025000120027426000830028630000210036949000790039050400320046960000740050171000490057583000790062485200330070311728ES-MaACL20230906150149.0t|960222s1994 sp ||||0| spa j a84-7658-455-5 aM-BN bspa cM-BN a860 Teresa de Jesús, Santa 1.061 aCarrión, María M.10aArquitectura y cuerpo en la figura autorial de Teresa de Jesús /cMaría M. Carrión. a1ª ed. aMadrid : bDirección General de la Mujer ; aBarcelona : bAnthropos,c1994. a334 p ; c20 cm.1 aPensamiento crítico/pensamiento utópico ; v85. aCultura y diferencia aBibliografía: p. 291-316.04aTeresa de Jesús, cSanta,d1515-1582-xCrítica e interpretación1 aEspaña. bDirección General de la Mujer.0 aPensamiento crítico/pensamiento utópico ; v85. aCultura y diferencia aES-MaACLjL-19078 bR.123845